| 000 | 01423 a2200301 4500 | ||
|---|---|---|---|
| 003 | Nust | ||
| 005 | 20170207154013.0 | ||
| 020 | _a0-201-69961-3 (hft.) ; | ||
| 040 | _cNust | ||
| 082 | _a005.117 | ||
| 082 | _a005.117 | ||
| 100 | 1 | _aQuatrani, Terry | |
| 245 | 0 | 0 |
_aVisual modeling with Rational Rose 2000 and UML-(EBOOK) _cTerry Quatrani |
| 250 | _a2. ed. | ||
| 260 |
_aReading, Mass. : _bAddison-Wesley, _ccop. 2000 |
||
| 300 | _a256 s. | ||
| 440 | 0 | _aAddison-Wesley object technology series, | |
| 505 | _aChapter 1. Introduction (Page-4) Chapter 2. Beginning a Project(Page-52) Chapter 3. Creating Use Cases (Page-68) Chapter 4. Finding Classes (Page-79) Chapter 5. Discovering Object Interaction (Page-86) Chapter 6. Specifying Relationships (Page-94) Chapter 7. Adding Behavior and Structure (Page-105) Chapter 8. Discovering Inheritance (Page-119) Chapter 9. Analyzing Object Behavior (Page-165) Chapter 10. Checking the Model (Page-210) Chapter 11. Designing the System Architecture (Page-236) Chapter 12. Building the Iterations (Page-296) | ||
| 650 | 7 | _aObject-oriented programming | |
| 650 | 7 | _aObject-oriented programming (Computer science) | |
| 650 | 7 | _aObjektorienterad programmering | |
| 650 | 7 | _aObjektorienterad programmering | |
| 650 | 7 | _aObjektorienterad programmering | |
| 650 | 7 | _aObjektorienterad programmering | |
| 650 | 7 | _aUML | |
| 650 | 7 | _aUML (Computer science) | |
| 651 | _aEBOOK | ||
| 942 |
_2ddc _cBK |
||
| 999 |
_c191288 _d191288 |
||